| 000 | 00453nam a2200097Ia 4500 | ||
|---|---|---|---|
| 008 | 180130s9999 xx 000 0 und d | ||
| 245 |
_cTossell, Chad; Kortum, Philip; Shepard, Clayton; Rahmati, Ahmad; Zhong, Lin _aExploring smartphone addiction: insights from long-term telemetric behavioral measures |
||
| 260 | _c2016 | ||
| 300 | _aBook title: Recent developments in mobile technology--Acession number C20742; pages 149-155 | ||
| 650 | _aMOBILE TECHNOLOGY | ||
| 999 |
_c353776 _d353776 |
||